| 000 | 01396cam a2200361 a 4500 | ||
|---|---|---|---|
| 001 | EDZ0000063822 | ||
| 003 | StDuBDS | ||
| 005 | 20161031105219.0 | ||
| 006 | m||||||||d|||||||| | ||
| 007 | cr ||||||||||| | ||
| 008 | 120326s1997 enk fo| 001|0|eng|d | ||
| 020 |
_a9781446222034 (ebook) : _cNo price |
||
| 040 |
_aStDuBDS _beng _cStDuBDS _epn |
||
| 049 | _aAlfaisal Main Library | ||
| 050 | 0 |
_aBF636.7.S57 _bF453 1997 |
|
| 082 | 0 | 4 |
_a361.06 _223 |
| 100 | 1 |
_aFeltham, Colin, _d1950- |
|
| 245 | 1 | 0 |
_aTime-limited counselling _h[electronic resource] / _cColin Feltham. |
| 260 |
_aLondon : _bSAGE, _cc1997. |
||
| 300 | _a1 online resource ([viii], 174 p.). | ||
| 490 | 1 | _aProfessional skills for counsellors | |
| 504 | _aIncludes bibliographical references and index. | ||
| 520 | 8 | _aUsing illustrative examples, Colin Feltham outlines in this book the practical, technical skills, strategies and knowledge counsellors must have in order to undertake limited-time counselling. | |
| 521 | _aSpecialized. | ||
| 588 | _aDescription based on print version record. | ||
| 650 | 0 | _aCounseling. | |
| 655 | 7 |
_aElectronic books. _2local |
|
| 710 | 2 | _aSage eBooks | |
| 776 | 0 | 8 |
_iPrint version : _z9780803979758 |
| 830 | 0 | _aProfessional skills for counsellors. | |
| 856 | 4 | 0 | _uhttp://ezproxy.alfaisal.edu/login?url=http://sk.sagepub.com/books/time-limited-counselling |
| 942 |
_2lcc _cEBOOKS |
||
| 999 |
_c481842 _d481842 |
||